00285nam a2200121Ia 4500008004100000041000900041082001800050100002300068245002400091260003200115300000800147650000800155230718s9999 xx 000 0 und d aEng. a363.23bBRA-C aBraithwaite, Helen 0aConflict Management aPakistanbMigrow Willc1998 a108 aLaw